00923nam a2200229 a 450000500170000000800410001704000250005804100080008304400070009109000130009810000330011124501450014426001070028930000110039665000230040765000120043065000180044266200360046094200130049699900150050995201690052420191224041559.0140227b1993 ck |||||rm||| 00| 0 spa d aCO-BoIAVHcCO-BoIAVH aspa ack aTEb0043 aLondoño Vega, Ana Catalina aAnálisis estructural de dos bosques asociados a unidades fisiográficas contrastantes, en la región de Araracuara (Amazonia colombiana) aMedellínbUniversidad Nacional de Colombia Sede Medellín. Facultad de Ciencias Agropecuariasc1993 a184 p. aEstructura vegetal aBosques aFisiografía aColombiadAraracuarabCaquetá cTESIS2z c1332d1332 00102z40708TESISIINV2017aBogotabBogotad1999-07-05eLondoño Vega, Ana Catalinal0oTE-0043p004830r2012-12-04 00:00:00tEj. 1w2012-12-04xDonacionyTESIS